Statistiken für Alle Länder und Hauptstädte der Welt

Klicken Sie hier um das Quiz zu spielen!

Allgemein

  • Dieses Quiz wurde 6.154 mal gespielt
    (4.124 seit der letzten Aktualisierung)
  • Das Durchschnittsergebnis liegt bei 107 aus 196

Antworten auf der Karte

Die Antworten werden auf der Karte rot bzw. grün angezeigt, abhängig davon wie oft sie richtig erraten wurden.
 

Antwortstatistiken

Land, Haupstadt% Korrekt
Deutschland, Berlin
89%
Vereinigte Staaten, Washington
88%
Frankreich, Paris
85%
Russland, Moskau
85%
Italien, Rom
83%
Mexiko, Mexiko-Stadt
83%
Spanien, Madrid
83%
Vereinigtes Königreich, London
82%
Belgien, Brüssel
81%
Brasilien, Brasília
81%
Irland, Dublin
81%
Niederlande, Amsterdam
81%
Norwegen, Oslo
81%
Österreich, Wien
81%
Polen, Warschau
81%
Portugal, Lissabon
81%
Schweiz, Bern
81%
Dänemark, Kopenhagen
80%
Kanada, Ottawa
80%
Schweden, Stockholm
80%
China, Peking
79%
Finnland, Helsinki
79%
Griechenland, Athen
79%
Ukraine, Kiew
79%
Tschechien, Prag
78%
Japan, Tokio
77%
Türkei, Ankara
77%
Ägypten, Kairo
76%
Australien, Canberra
75%
Ungarn, Budapest
75%
Island, Reykjavik
74%
Argentinien, Buenos Aires
73%
Belarus, Minsk
73%
Indien, Neu-Delhi
73%
Kroatien, Zagreb
73%
Luxemburg, Luxemburg
73%
Rumänien, Bukarest
73%
Bulgarien, Sofia
72%
Lettland, Riga
71%
Südkorea, Seoul
70%
Estland, Tallinn
69%
Albanien, Tirana
68%
Panama, Panama-Stadt
67%
Peru, Lima
67%
Südafrika, Pretoria, Kapstadt oder Bloemfontein
67%
Algerien, Algier
66%
Bosnien und Herzegowina, Sarajevo
66%
Chile, Santiago
66%
Kuba, Havanna
66%
Litauen, Vilnius
66%
Serbien, Belgrad
66%
Vatikanstadt, Vatikanstadt
66%
Israel, Jerusalem
65%
Slowenien, Ljubljana
65%
Thailand, Bangkok
65%
Tunesien, Tunis
65%
San Marino, San Marino
64%
Slowakei, Bratislava
64%
Neuseeland, Wellington
63%
Indonesien, Jakarta
62%
Liechtenstein, Vaduz
62%
Malta, Valletta
62%
Monaco, Monaco
62%
Nordkorea, Pjöngjang
62%
Uruguay, Montevideo
62%
Afghanistan, Kabul
61%
Iran, Teheran
61%
Kolumbien, Bogotá
61%
Andorra, Andorra la Vella
60%
Irak, Bagdad
60%
Marokko, Rabat
60%
Nordmazedonien, Skopje
60%
Saudi-Arabien, Riad
60%
Guatemala, Guatemala-Stadt
59%
Kosovo, Priština
59%
Venezuela, Caracas
59%
Aserbaidschan, Baku
58%
Moldawien, Chisinau
58%
Syrien, Damaskus
58%
Vereinigte Arabische Emirate, Abu Dhabi
58%
Vietnam, Hanoi
58%
Zypern, Nikosia
58%
Bolivien, Sucre oder La Paz
57%
Ecuador, Quito
57%
El Salvador, San Salvador
57%
Jamaika, Kingston
56%
Pakistan, Islamabad
56%
Georgien, Tiflis
55%
Kasachstan, Astana
55%
Katar, Doha
55%
Kenia, Nairobi
55%
Kuwait, Kuwait-Stadt
55%
Mongolei, Ulaanbaatar
55%
Montenegro, Podgorica
55%
Philippinen, Manila
55%
Malediven, Male
54%
Haiti, Port-au-Prince
53%
Libanon, Beirut
53%
Malaysia, Kuala Lumpur
53%
Singapur, Singapur
53%
Taiwan, Taipeh
53%
Bahamas, Nassau
52%
Bangladesch, Dhaka
52%
Libyen, Tripolis
52%
Nepal, Kathmandu
52%
Costa Rica, San José
51%
Armenien, Jerewan
50%
Äthiopien, Addis Abeba
50%
Dominikanische Republik, Santo Domingo
50%
Jemen, Sanaa
50%
Paraguay, Asunción
50%
Dschibuti, Dschibuti
49%
Jordanien, Amman
49%
Senegal, Dakar
49%
Namibia, Windhoek
48%
Oman, Maskat
48%
Angola, Luanda
47%
Ghana, Accra
47%
Guyana, Georgetown
47%
Madagaskar, Antananarivo
47%
Nicaragua, Managua
47%
São Tomé und Principe, São Tomé
47%
Usbekistan, Taschkent
47%
Belize, Belmopan
46%
Demokratische Republik Kongo, Kinshasa
46%
Guinea-Bissau, Bissau
46%
Honduras,Tegucigalpa
46%
Kambodscha, Phnom Penh
46%
Kirgistan, Bischkek
46%
Somalia, Mogadischu
46%
Sierra Leone, Freetown
44%
Turkmenistan, Aşgabat
44%
Papua-Neuguinea, Port Moresby
43%
Seychellen, Victoria
43%
Sudan, Khartum
43%
Suriname, Paramaribo
43%
Tadschikistan, Duschanbe
43%
Bahrain, Manama
42%
Bhutan, Thimphu
42%
Burkina Faso, Ouagadougou
42%
Laos, Vientiane
42%
Nigeria, Abuja
42%
Togo, Lomé
42%
Kamerun, Jaunde
41%
Osttimor, Dili
41%
Republik Kongo, Brazzaville
41%
Trinidad und Tobago, Port of Spain
41%
Eritrea, Asmara
40%
Kap Verde, Praia
40%
Mali, Bamako
40%
Niger, Niamey
40%
Südsudan, Juba
40%
Uganda, Kampala
40%
Barbados, Bridgetown
39%
Benin, Porto-Novo oder Cotonou
39%
Elfenbeinküste, Yamoussoukro
39%
Simbabwe, Harare
39%
Sri Lanka, Sri Jayewardenepura Kotte
39%
Tansania, Dodoma
39%
Tschad, N'Djamena
39%
Botswana, Gaborone
38%
Fidschi, Suva
38%
Gabun, Libreville
38%
Liberia, Monrovia
38%
Malawi, Lilongwe
38%
Mauritius, Port Louis
38%
Mosambik, Maputo
38%
Myanmar, Naypyidaw
38%
Ruanda, Kigali
38%
Sambia, Lusaka
38%
Guinea, Conakry
37%
Mauretanien, Nouakchott
37%
Zentralafrikanische Republik, Bangui
37%
Antigua und Barbuda, St. John's
36%
Brunei, Bandar Seri Begewan
36%
Dominica, Roseau
36%
Eswatini, Mbabane
36%
Komoren, Moroni
36%
Äquatorialguinea, Malabo
35%
Burundi, Gitega
35%
Lesotho, Maseru
35%
St. Vincent und die Grenadinen, Kingstown
35%
Gambia, Banjul
34%
Grenada, St. George's
34%
Kiribati, South Tarawa
34%
Nauru, Yaren
34%
St. Lucia, Castries
34%
Tuvalu, Funafuti
34%
Vanuatu, Port Vila
34%
Samoa, Apia
33%
St. Kitts und Nevis, Basseterre
33%
Mikronesien, Palikir
32%
Palau, Ngerulmud
32%
Marshallinseln, Majuro
31%
Salomonen, Honiara
31%
Tonga, Nuku'alofa
31%

Verteilung der Resultate

Perzentil nach korrekt beantworteten Fragen

Anzahl Personen mit jedem Resultat

Ihre Resultats-Entwicklung

Sie haben dieses Quiz seit der letzten Aktualisierung nicht gespielt